Les paysans au Moyen Age - Statistiques

Statistiques générales
  • Ce quiz a été pris 153 fois
  • Le résultat moyen est 8 sur 22
Statistiques - réponses
Question Réponse % Correct
impôt versé à l'Église et prélevé sur les récoltes dime
80%
pourcentage représenté par la classe paysanne (chiffre) 90
78%
paysan appartenant au seigneur serf
77%
outil utilisé pour faucher l'herbe faux
74%
impôt sur le sel gabelle
64%
outil servant à ratisser rateau
55%
terre labourée qu’on laisse au repos, généralement pendant une année, sans culture jachère
54%
outil servant à couper les épis faucille
43%
paysan libre vilain
40%
outil servant à remuer la paille ou l'herbe fourche
35%
charrue en bois dépourvue de roues araire
26%
outil servant à battre les épis pour récolter le grain fléau
26%
impôt direct levé par le seigneur taille
26%
sorte de loyer cens
24%
pratique consistant à ramasser les épis restant dans les champs après la moisson glanage
19%
nom donné à la maison du paysan masure
18%
impôt pour utiliser moulin, four et pressoir banalités
17%
terre offerte par le seigneur en échange de corvées et de redevances tenure
16%
outil servant à remuer et émietter la terre houe
14%
tirée par un cheval, elle sert à préparer le sol en le griffant herse
10%
outil servant à couper les branchages serpette
9%
hache à long manche pour abattre des arbres cognée
8%
Aucun quiz correspondant
Distribution des résultats
% des personnes avec chaque résultat
Percentile par nombre de réponses
Votre historique - résultats
Vous n’avez pas pris ce quiz